Tourist Route of Europe - Statistics

General Stats
  • This quiz has been taken 42,945 times
    36,184 since last reset
  • The average score is 18 of 24
Answer Stats
Clue Type Country Destination % Correct
Capital of Ireland City Ireland Dublin
99%
Louvre, Eiffel Tower City France Paris
97%
River Thames, 2012 Olympics City United Kingdom London
95%
Anne Frank's House, Red Light District City Netherlands Amsterdam
93%
Parthenon, Acropolis City Greece Athens
92%
Center of the Roman Empire City Italy Rome
92%
Prehistoric circle of stones Monument United Kingdom Stonehenge
92%
Scotlands largest lake, Monster Lake United Kingdom Loch Ness
91%
Kremlin City Russia Moscow
89%
Canals City Italy Venice
89%
In both Asia and Europe City Turkey Istanbul
85%
Film festival, French Riviera City France Cannes
80%
Mount Etna, Mafia Island Italy Sicily
78%
Formula 1 City - Monaco
75%
Party capital of Europe Island Spain Ibiza
72%
Pompeii Volcano Italy Mount Vesuvius
68%
Huge and famous Catholic church Cathedral Vatican City St. Peter's Basilica
66%
_____ ______ Gateux Forest Germany Black Forest
64%
Sparkling wine, Reims Region France Champagne
64%
Tallest mountain in the Alps Mountain Italy / France Mont Blanc
62%
Guggenheim Museum City Spain Bilbao
46%
Site of bloody WWI battle River France Somme
38%
Volcanic basalt hexagonal columns Coastline United Kingdom Giant's Causeway
35%
Start of the Olympic torch City Greece Olympia
35%
No matching quizzes found
Score Distribution
Percent of People with Each Score
Percentile by Number Answered
Your Score History
You have not taken this quiz since the last reset